000 00829nam a2200253 i 4500
001 96040
003 ES-MaACL
005 20250824091749.0
007 t|
008 050609s1969 sp f ||||1| spa d
080 _a639.1/.2(399.7)
100 1 _aMadariaga, Juan José de.
_975287
245 1 3 _aLa caza y la pesca al descubrirse América /
_cJuan José de Madariaga ; prólogo de la Duquesa de Maura.
260 _aMadrid :
_bPrensa Española,
_c1969.
300 _a170 p., 3 h., 15 lám. ;
_c21 cm.
490 1 _aColección "Los Tres Dados"
650 4 _aIndios de América del Sur-
_xUsos y costumbres.
_913683
650 4 _aPesca.
_9136688
650 4 _aCaza.
_910857
700 1 _aMaura, Gabriela
_9155405
830 0 _aColección "Los Tres Dados"
_9181995
852 _aES-MaACL
_jC-49850
999 _c96040
_d96040